<?xml version="1.0" encoding="UTF-8"?>
<record
    xmlns:xsi="http://www.w3.org/2001/XMLSchema-instance"
    xsi:schemaLocation="http://www.loc.gov/MARC21/slim http://www.loc.gov/standards/marcxml/schema/MARC21slim.xsd"
    xmlns="http://www.loc.gov/MARC21/slim">

  <leader>02440nam a2200373uu 4500</leader>
  <controlfield tag="001">1318449</controlfield>
  <controlfield tag="005">20260508075538.0</controlfield>
  <controlfield tag="007">co|||||||</controlfield>
  <controlfield tag="008">130306s2013                        spa  </controlfield>
  <datafield tag="035" ind1=" " ind2=" ">
    <subfield code="a">1318449</subfield>
  </datafield>
  <datafield tag="040" ind1=" " ind2=" ">
    <subfield code="c">comduadb</subfield>
  </datafield>
  <datafield tag="041" ind1=" " ind2=" ">
    <subfield code="a">spa</subfield>
  </datafield>
  <datafield tag="080" ind1=" " ind2=" ">
    <subfield code="a">V/CD</subfield>
  </datafield>
  <datafield tag="082" ind1=" " ind2="4">
    <subfield code="a">303</subfield>
  </datafield>
  <datafield tag="100" ind1="1" ind2="0">
    <subfield code="a">Ramirez Galvis, Adriana Patricia</subfield>
    <subfield code="4">aut</subfield>
    <subfield code="e">aut</subfield>
    <subfield code="9">658977</subfield>
  </datafield>
  <datafield tag="245" ind1="1" ind2="3">
    <subfield code="a">Un acercamiento a la construcci&#xF3;n de memoria en Colombia</subfield>
  </datafield>
  <datafield tag="260" ind1=" " ind2=" ">
    <subfield code="a">Medell&#xED;n :</subfield>
    <subfield code="b">[sin publicador],</subfield>
    <subfield code="c">2013.</subfield>
  </datafield>
  <datafield tag="300" ind1=" " ind2=" ">
    <subfield code="a">1 CD-ROM</subfield>
  </datafield>
  <datafield tag="520" ind1="3" ind2=" ">
    <subfield code="a">En el presente trabajo se une la elaboraci&#xF3;n del informe de experiencia realizada durante la pr&#xE1;ctica acad&#xE9;mica con la intenci&#xF3;n de realizar un acercamiento acerca de algunos conceptos importantes y de relevancia para el tema de la memoria en Colombia. Con el fin de relacionar el trabajo realizado en la pr&#xE1;ctica acad&#xE9;mica con el quehacer sociol&#xF3;gico, quise abordar el tema de la memoria en Colombia, dilucidar su importancia para la reconstrucci&#xF3;n social, pero teniendo en cuenta los obst&#xE1;culos y dificultades a las que se enfrentan las victimas tanto desde los planteamientos conceptuales y jur&#xED;dicos, hasta el imaginario social frente al tema de la violencia y la reparaci&#xF3;n. Esto enmarcado en un contexto donde se habla de justicia transicional, pero en el cual realmente no hay transici&#xF3;n y por el contrario las v&#xED;ctimas son re victimizadas y sus derechos cada vez son m&#xE1;s violados, en medio de un conflicto que a&#xFA;n no termina y en el cual se han creado leyes enmarcadas dentro de la justicia transicional, pero las cuales no ofrecen condiciones y garant&#xED;as para la reconstrucci&#xF3;n de  memoria por,  el contrario  las pol&#xED;ticas estatales colombianas han perpetuado la impunidad.</subfield>
  </datafield>
  <datafield tag="650" ind1=" " ind2="7">
    <subfield code="a">Memoria</subfield>
    <subfield code="x">Aspectos sociales</subfield>
    <subfield code="2">lemb</subfield>
    <subfield code="9">190868</subfield>
  </datafield>
  <datafield tag="650" ind1=" " ind2=" ">
    <subfield code="a">Memoria y reparaci&#xF3;n</subfield>
    <subfield code="9">190479</subfield>
  </datafield>
  <datafield tag="650" ind1=" " ind2=" ">
    <subfield code="a">Derechos humanos - Antioquia (Colombia)</subfield>
    <subfield code="9">159166</subfield>
  </datafield>
  <datafield tag="650" ind1=" " ind2="4">
    <subfield code="a">V&#xED;ctimas del conflicto armado</subfield>
    <subfield code="z">Colombia</subfield>
    <subfield code="9">154224</subfield>
  </datafield>
  <datafield tag="650" ind1=" " ind2=" ">
    <subfield code="a">Racionalizaci&#xF3;n</subfield>
    <subfield code="9">31364</subfield>
  </datafield>
  <datafield tag="650" ind1=" " ind2="7">
    <subfield code="a">Justicia transicional</subfield>
    <subfield code="2">armarc</subfield>
    <subfield code="9">153839</subfield>
  </datafield>
  <datafield tag="650" ind1=" " ind2="7">
    <subfield code="a">Verdad, justicia y reparaci&#xF3;n</subfield>
    <subfield code="z">Colombia</subfield>
    <subfield code="2">comduadb</subfield>
    <subfield code="9">90336</subfield>
  </datafield>
  <datafield tag="650" ind1=" " ind2=" ">
    <subfield code="a">Verdad, justicia y reparaci&#xF3;n - Legislaci&#xF3;n - Colombia</subfield>
    <subfield code="9">198318</subfield>
  </datafield>
  <datafield tag="650" ind1=" " ind2=" ">
    <subfield code="a">Tejido social</subfield>
    <subfield code="9">99862</subfield>
  </datafield>
  <datafield tag="650" ind1=" " ind2=" ">
    <subfield code="a">Informes de practica de sociologia</subfield>
    <subfield code="9">149743</subfield>
  </datafield>
  <datafield tag="700" ind1="1" ind2="0">
    <subfield code="a">Zapata &#xC1;vila, Juan Guillermo</subfield>
    <subfield code="4">ths</subfield>
    <subfield code="e">ths</subfield>
    <subfield code="9">500218</subfield>
  </datafield>
  <datafield tag="942" ind1=" " ind2=" ">
    <subfield code="c">TESIS</subfield>
  </datafield>
  <datafield tag="999" ind1=" " ind2=" ">
    <subfield code="c">642683</subfield>
    <subfield code="d">642683</subfield>
  </datafield>
  <datafield tag="502" ind1=" " ind2=" ">
    <subfield code="b">106</subfield>
    <subfield code="c">12</subfield>
  </datafield>
  <datafield tag="526" ind1=" " ind2=" ">
    <subfield code="a">107</subfield>
  </datafield>
  <datafield tag="952" ind1=" " ind2=" ">
    <subfield code="0">0</subfield>
    <subfield code="1">0</subfield>
    <subfield code="4">0</subfield>
    <subfield code="7">0</subfield>
    <subfield code="8">DIGITAL</subfield>
    <subfield code="a">CISH</subfield>
    <subfield code="b">CISH</subfield>
    <subfield code="d">2013-03-06</subfield>
    <subfield code="e">Material adquirido por donaci&#xF3;n</subfield>
    <subfield code="i">C1168947</subfield>
    <subfield code="l">0</subfield>
    <subfield code="o">V/CD-09348</subfield>
    <subfield code="p">0626583</subfield>
    <subfield code="r">2023-05-02 00:00:00</subfield>
    <subfield code="t">1</subfield>
    <subfield code="w">2023-05-02</subfield>
    <subfield code="y">DIGITAL</subfield>
  </datafield>
  <datafield tag="952" ind1=" " ind2=" ">
    <subfield code="0">0</subfield>
    <subfield code="1">0</subfield>
    <subfield code="4">0</subfield>
    <subfield code="7">0</subfield>
    <subfield code="8">TESDIGBC</subfield>
    <subfield code="a">BC</subfield>
    <subfield code="b">BC</subfield>
    <subfield code="d">2013-07-30</subfield>
    <subfield code="e">Material adquirido por donaci&#xF3;n</subfield>
    <subfield code="i">C1182917</subfield>
    <subfield code="l">0</subfield>
    <subfield code="o">303.6 R177 CD-ROM</subfield>
    <subfield code="p">0973285</subfield>
    <subfield code="r">2023-05-02 00:00:00</subfield>
    <subfield code="t">1</subfield>
    <subfield code="w">2023-05-02</subfield>
    <subfield code="y">DIGITAL</subfield>
  </datafield>
</record>
